BIBLIOTHÈQUE DE LA MAISON DU MEXIQUE

Logo 1 Logo 2

Historia diplomática de la Revolución Mexicana (notice nᵒ 10260)

détails MARC
000 -Sello discográfico
campo de control de longitud fija 00830nam a2200277 4500
005 - Identificación de versión
campo de control 20260506114039.0
035 ## - Otros números de control del sistema
Número de control del sistema 5084
099 ## - fechas locales
Tipo de ítem Koha LIBRO
100 ## - Datos de procesamiento general
Datos de procesamiento general 20031219d19581959m y1spay5003 ba
101 ## - Idioma del recurso
Idioma del texto, banda sonora, etc. Español; Castellano
105 ## - Campo de datos codificados: Material textual, monográfico
Datos codificados de monografía a 001zy
200 1# - Título y mención de responsabilidad
Título propio Historia diplomática de la Revolución Mexicana
Designación general del material texto impreso
Primer mención de responsabilidad Isidro Fabela
205 ## - Declaración de edición
Declaración de edición 1a ed
210 ## - Publicación, distribución, etc.
Lugar de publicación, distribución, etc. México
Nombre del editor, distribuidor, etc. Fondo de Cultura Económica
Fecha de publicación, distribución, etc. 1958, 1959
215 ## - Descripción física
Designación de material específico y extensión del ítem 2 v
Otras características físicas il.
Dimensiones 22 cm
327 ## - Nota de contenidos
Texto de la nota v.1: 1912-1917 -- v.2: 1912-1917
345 ## - Nota de información de adquisición
Fuente de adquisición/dirección de la suscripción [OBSOLETO] Donación
410 #1 - Series
Título Vida y pensamiento de México
607 ## - Nombre geográfico utilizado como tema
Elemento de entrada México
Subdivisión temática Relaciones exteriores
Subdivisión cronológica 1910-
Número Koha 16793
660 ## - Código de área geográfica
Código MX
700 ## - Nombre personal - Responsabilidad primaria
Elemento de entrada Fabela Alfaro
Parte del nombre distinta del elemento de entrada José Isidro
Fechas 1882-1964
Número Koha 1389
801 #0 - Fuente de origen
País FR
Agencia cm
Reglas de catalogación (convenciones descriptivas) AFNOR
942 ## - ELEMENTOS DE ENTRADA SECUNDARIOS (KOHA)
Tipo de ítem Koha Livre
Exemplaires
Estatus retirado Estado de daño Estado de pérdida Fuente de la clasificación o esquema de estantería Fecha de adquisición Biblioteca de origen Biblioteca actual Código de barras Precio de reemplazo Signatura topográfica completa No para préstamo Tipo de ítem Koha Nota no pública
      Clasificación Decimal Dewey 06/05/2026 Casa México Paris Casa México Paris 001468 06/05/2026 972.081 F114h v.1   Livre 751145101
      Clasificación Decimal Dewey 06/05/2026 Casa México Paris Casa México Paris 001748 06/05/2026 972.081 F114h v.2   Livre 751145101